Analýza previazanosti fiškálnych politík krajín Európskej únie správa o riešení vedeckého projektu IGMP I-14-103-00 : rok riešenia projektu 2014
Uložené v:
| Hlavný autor: | |
|---|---|
| Korporativný autor: | |
| Ďalší autori: | , , , |
| Médium: | Kniha |
| Jazyk: | Slovak |
| Vydavateľské údaje: |
Bratislava
2014
|
| Predmet: | |
| Tagy: |
Žiadne tagy, Buďte prvý, kto otaguje tento záznam!
|
MARC
| LEADER | 00000nam a2200000 4500 | ||
|---|---|---|---|
| 001 | 0212992 | ||
| 005 | 20241002134327.5 | ||
| 041 | 0 | |a slo | |
| 044 | |a SK | ||
| 245 | 1 | 0 | |a Analýza previazanosti fiškálnych politík krajín Európskej únie |b správa o riešení vedeckého projektu IGMP I-14-103-00 : rok riešenia projektu 2014 |c zodpovedný riešiteľ: Patrik Kupkovič, spoluriešitelia: Martin Benkovič, Andrej Babej ; recenzenti: Brian König, Ivan Lichner |
| 264 | 1 | |a Bratislava |c 2014 | |
| 300 | |a [40 s.] | ||
| 610 | 2 | 0 | |a politika fiškálna |
| 610 | 2 | 0 | |a Európska únia |
| 610 | 2 | 0 | |a projekty |
| 610 | 2 | 0 | |a modely |
| 610 | 2 | 0 | |a trh akciový |
| 610 | 2 | 0 | |a zdaňovanie |
| 610 | 2 | 0 | |a odhady |
| 610 | 2 | 0 | |a analýzy |
| 100 | 1 | |a Kupkovič, Patrik | |
| 700 | 1 | |a Benkovič, Martin | |
| 700 | 1 | |a Babej, Andrej | |
| 700 | 1 | |a König, Brian, 1983- | |
| 700 | 1 | |a Lichner, Ivan | |
| 710 | 2 | |a Fakulta hospodárskej informatiky EU. Katedra operačného výskumu a ekonometrie | |